000 00509nam a22001817a 4500
003 DO-SdBNP
005 20210824095905.0
008 210824b 2018 dr 00| 0 eng d
020 _a9789945169270
040 _aDO-SdBNP
_bspa
_cBNPHU
100 1 _4Artiles González de Martínez, Rafaela
245 _aLuz Marina /
_cRafaela Artiles González de Martínez
260 _aSanto Domingo :
_bBúho,
_c2018
300 _a346 p. ;
_c22 cm.
590 _aInventariado, 2021/BT
910 _aBtavárez
942 _2ddc
_cLBS1
999 _c50256
_d50256